The raise of Europe (Registro nro. 27986)

Detalles MARC
000 -LEADER
fixed length control field 00375 a2200133 4500
001 - CONTROL NUMBER
control field ART_17969
005 - DATE AND TIME OF LATEST TRANSACTION
control field 20260410161924.0
008 - FIXED-LENGTH DATA ELEMENTS--GENERAL INFORMATION
fixed length control field 260409a
100 1# - MAIN ENTRY--PERSONAL NAME
Personal name Acemoglu, Daron
245 10 - TITLE STATEMENT
Title The raise of Europe
700 1# - ADDED ENTRY--PERSONAL NAME
Personal name Johnson, Simon
700 1# - ADDED ENTRY--PERSONAL NAME
Personal name Robinson, James
773 0# - HOST ITEM ENTRY
Title The American Economic Review
Related parts - Vol. 95, Nº 3 (jun. 2005)
Record control number REV16190

No hay ítems disponibles.